书目信息 |
| 题名: |
山顶王国锡金
|
|
| 作者: | 索尔兹伯里 著 ;王承绪 著 | |
| 分册: | ||
| 出版信息: | 杭州 浙江人民出版社 1978 |
|
| 页数: | 98页 | |
| 开本: | 26cm | |
| 丛书名: | ||
| 单 册: | ||
| 中图分类: | K356 | |
| 科图分类: | ||
| 主题词: | 南亚--历史 | |
| 电子资源: | ||
| ISBN: | ||
| 000 | 00733nam0 2200253 45 | |
| 001 | 0178002693 | |
| 005 | 20060718102727.32 | |
| 010 | @dCNY0.75 | |
| 091 | @a12103.5 | |
| 100 | @a19950725d1978 em y0chiy0121 ea | |
| 101 | 1 | @achi@ceng |
| 102 | @aCN@b330000 | |
| 105 | @af z 000yy | |
| 200 | 10 | @a山顶王国锡金@Ashan ding wang guo xi jin@f(美)夏洛特·Y·索尔兹伯里著@F(mei)xia luo te·Y·suo er zi bo li zhu@g王承绪译 |
| 210 | @a杭州@c浙江人民出版社@d1978 | |
| 215 | @a98页@c照片@d26cm | |
| 300 | @a内部发行 | |
| 606 | 0 | @a南亚@x历史 |
| 607 | @a锡金@x概况 | |
| 690 | @aK356@v3 | |
| 701 | 0 | @a索尔兹伯里@Asuo er zi bo li@4著 |
| 702 | 0 | @a王承绪@Awang cheng xu@4著 |
| 801 | 0 | @aCN@bTSSF@c20060718 |
| 905 | @a10447@dK356@e2 | |
| 山顶王国锡金/(美)夏洛特·Y·索尔兹伯里著/王承绪译.-杭州:浙江人民出版社,1978 |
| 98页:照片;26cm |
| 内部发行 |
| ISBN :CNY0.75 |
| ● |
| 相关链接 |
|
|
|
|
正题名:山顶王国锡金
索取号:K356/2
 
预约/预借
| 序号 | 登录号 | 条形码 | 馆藏地/架位号 | 状态 | 备注 |
| 1 | 0002623 | 000359702 | 密集书库/ [索取号:K356/2] | 在馆 | |
| 2 | 0002624 | 000359695 | 密集书库/ [索取号:K356/2] | 在馆 | |
| 3 | 0434690 | 204346902 | 密集书库/ [索取号:K356/2] | 在馆 | |
| 4 | 0434691 | 204346911 | 密集书库/ [索取号:K356/2] | 在馆 |